| 000 | 00807nam a22002177a 4500 | ||
|---|---|---|---|
| 999 |
_c181268 _d181268 |
||
| 005 | 20210907104559.0 | ||
| 010 | _aB-520069-105 B-741439 | ||
| 020 |
_a8181020017 _c450.00 |
||
| 035 | _aB-520069-105 | ||
| 035 | _aB-741439 | ||
| 037 | _bGift | ||
| 082 | _aN | ||
| 100 | _aDickens, Charles | ||
| 245 |
_aOliver Twist / _cby Charles Dickens |
||
| 260 |
_aNew Delhi _bChetan Sahitya Mandir _c2020 |
||
| 270 |
_aA-47,First Floor,Amar Colony,Lajpat Nagar, _bNew Delhi _e110024 |
||
| 300 |
_a184p. : _bill. _c18cm(Hb) |
||
| 942 |
_2ddc _cCH _mDIC _hN |
||